000 00411nam a2200133Ia 4500
008 100328s9999 xx 000 0 und d
082 _b60255
100 _aमस्तकार लीला
245 _aअपरिचित लिंकन.
260 _bगं्रथाली.
630 _aअपरिचित लिंकन.
730 _aअपरिचित लिंकन.
942 _cBOOK
999 _c546417
_d546414